| 000 | 00672cam a2200205 a 4500 | ||
|---|---|---|---|
| 001 | 000007286 | ||
| 005 | 20240418073804.0 | ||
| 008 | 820416s1970 ck 000 0 spa d | ||
| 040 |
_aDO-SdBNP _bspa _cBNPHU |
||
| 082 |
_a986.1 _bL864d |
||
| 100 | 1 |
_aLópez de Mesa, Luis, _d1884-1967. _920227 |
|
| 245 | 1 | 0 |
_aDe como se ha formado la nación colombiana / _cLuis López de Mesa. |
| 260 |
_aMedellín : _bBedout, _c1970. |
||
| 300 |
_a284 p. ; : _bil. ; _c19 cm. |
||
| 490 | 1 |
_aBolsilibros Bodout _v65 |
|
| 651 | 4 |
_aColombia _xCivilización _918068 |
|
| 650 | 0 |
_aSociología _91061 |
|
| 650 | 4 |
_aColombia _xCondiciones sociales _920228 |
|
| 830 | 0 |
_aBolsilibros Bodout ; _v65 _920229 |
|
| 999 |
_c7067 _d7067 |
||